| 000 | 00376nam a2200157 i 4500 | ||
|---|---|---|---|
| 001 | bg | ||
| 245 | 0 | _aFiziceskaja elektronika. Nr.21. | |
| 250 | _aVyp. 21. | ||
| 260 |
_aL'vov : _b"Viscaja Skola", _c1980. |
||
| 300 |
_as. 163, nlb. 1 : _brys., tab., ilustr. |
||
| 040 | _cBPK | ||
| 041 | _apol | ||
| 080 | _a537 | ||
| 942 | _cKS | ||
| 008 | s pl f |000 0 pol | ||
| 999 |
_c9443 _d9443 |
||